| 000 | 00758nam a22001817a 4500 | ||
|---|---|---|---|
| 003 | IT-RoPau | ||
| 005 | 20220918175937.0 | ||
| 008 | 121214b xxu||||| |||| 00| 0 eng d | ||
| 040 | _cIT-RoPau | ||
| 100 |
_aAlberione Giacomo _qFondatore Famiglia Paolina _919 |
||
| 245 |
_aFormarsi in Cristo - Donec formetur Christus in vobis. _bMeditazioni del Primo Maestro |
||
| 250 | _aI | ||
| 260 |
_aRoma _bCasa generalizia società San Paolo _c2001 |
||
| 300 |
_a319 p. _c21, 5 cm |
||
| 490 |
_aOpera Omnia _vI |
||
| 520 | _aSOMMARIO AVVERTENZE SIGLE INTRODUZIONE PRESENTAZIONE DONEC FORMETUR CHRISTUS IN VOBIS PREAMBOLO VITA PURGATIVA VITA ILLUMINATIVA VIA UNITIVA MEZZI DI GRAZIA APOSTOLATO STAMPA NOZIONI UTILI APPENDICE ALLEGATI INDICI | ||
| 942 |
_2ddc _cBK |
||
| 999 |
_c37665 _d37665 |
||